000
00228nmm a2200085Ia 4500
008
220120s9999||||xx |||||||||||||||||und||
020
_a
0-07-052929
100
_a
Embedded For You
245
0
_a
Free Source Code & Design Library Inside
999
_c
139985
_d
139985